[Event "TCh-Europe u18"]
[Site "Balatonlelle HUN"]
[Date "2003.07.20"]
[Round "2"]
[White "Berczes,D"]
[Black "Bernasek,J"]
[Result "1-0"]
[WhiteElo "2393"]
[BlackElo "2402"]

1.d4 Nf6 2.c4 e6 3.Nf3 Bb4+ 4.Bd2 Qe7 5.g3 Nc6 6.Nc3 Bxc3 7.Bxc3 Ne4 8.Rc1 d6
9.Bg2 O-O 10.d5 Nxc3 11.Rxc3 Nd8 12.Nd2 e5 13.c5 f5 14.cxd6 cxd6 15.O-O Nf7
16.f4 exf4 17.gxf4 Re8 18.e3 Bd7 19.Qb3 Rac8 20.Rfc1 b6 21.Nf3 Rc5 22.Qd1 Qf6
23.Qd2 a5 24.Nd4 Rec8 25.Nb3 Rxc3 26.Rxc3 Rxc3 27.Qxc3 Qxc3 28.bxc3 Kf8 29.Nd2 b5
30.Nb3 Nh6 31.h3 b4 32.cxb4 axb4 33.Nd4 g5 34.fxg5 Nf7 35.h4 Ne5 36.Nc2 Ng6
37.h5 Ne5 38.Nxb4 Nf7 39.Nc6 Nxg5 40.a4 Bxc6 41.dxc6 Ne6 42.Bh3 Nc7 43.h6 Kf7
44.Bxf5 Kf6 45.Bxh7 Kg5 46.Bd3 Kxh6 47.a5 Kg5 48.a6 Kf6 49.a7 Ke5 50.Ba6  1-0

[Event "BCSA Open"]
[Site "Batumi GEO"]
[Date "2003.07.22"]
[Round "6"]
[White "Pantsulaia,L"]
[Black "Makharadze,J"]
[Result "1/2-1/2"]
[WhiteElo "2461"]
[BlackElo "2341"]

1.d4 Nf6 2.c4 e6 3.Nf3 Bb4+ 4.Bd2 c5 5.Bxb4 cxb4 6.g3 b6 7.Bg2 Bb7 8.O-O O-O
9.a3 bxa3 10.Nxa3 d6 11.b4 a6 12.Qb3 Nbd7 13.Rfd1 Qc7 14.Rac1 Rac8 15.Qb2 Qb8
16.Nb1 Rfe8 17.Nbd2 e5 18.e3 g6 19.Ra1 Qc7 20.Rdc1 Ra8 21.Rab1 Reb8 22.Ra1 a5
23.Ra3 axb4 24.Rxa8 Rxa8 25.Qxb4 Bc6 26.Qb2 Ra5 27.Rb1 h6 28.h3 Kh7 29.Qb4 Ra4
30.Qb3 Kg7 31.d5 Nc5 32.Qxb6 Qxb6 33.Rxb6 Ra1+ 34.Nf1 Ba4 35.Rxd6 Nfd7 36.Nh4 Kf8
37.Nxg6+ fxg6 38.Rxg6 h5 39.Rh6 Bd1 40.f3 Be2 41.Rxh5 Bxc4 42.f4 e4 43.g4 Rd1
44.Kf2 Nd3+ 45.Kg3 Ne1 46.Bxe4 Nf6 47.Rf5 Kg7 48.Rxf6 Kxf6 49.g5+ Kg7 50.Nh2 Bxd5
51.Bxd5 Rxd5 52.Ng4 Kg6 53.h4 Rd2 54.e4 Rd3+ 55.Kf2 Rf3+ 56.Kxe1 Rxf4  1/2-1/2

[Event "3rd Savaria Summer Open"]
[Site "Szombathely HUN"]
[Date "2003.07.22"]
[Round "4"]
[White "Szeberenyi,A"]
[Black "Ovsejevitsch,S"]
[Result "1/2-1/2"]
[WhiteElo "2385"]
[BlackElo "2497"]

1.d4 Nf6 2.c4 e6 3.Nf3 Bb4+ 4.Bd2 a5 5.a3 Bxd2+ 6.Qxd2 b6 7.g3 Bb7 8.Bg2 O-O
9.O-O d6 10.Nc3 Ne4 11.Nxe4 Bxe4 12.Rac1 Nd7 13.Rfd1 Qe7 14.Ne5 Bxg2 15.Nxd7 Qxd7
16.Kxg2 c6 17.Rc3 h6 18.e4 Rfe8 19.Re1 Qb7 20.f3 Rad8 21.a4 Re7 22.Rce3 d5
23.cxd5 cxd5 24.e5 Rc7 25.Rc1 Rxc1 26.Qxc1 b5 27.axb5 Qxb5 28.Qd2 a4 29.Rc3 Rb8
30.Rc2  1/2-1/2

[Event "3rd Savaria Summer Open"]
[Site "Szombathely HUN"]
[Date "2003.07.23"]
[Round "5"]
[White "Horvath,P1"]
[Black "Berczes,C"]
[Result "1-0"]
[WhiteElo "2463"]
[BlackElo "2310"]

1.d4 Nf6 2.c4 e6 3.Nf3 Bb4+ 4.Bd2 Qe7 5.g3 O-O 6.Bg2 Ne4 7.a3 Bxd2+ 8.Nbxd2 Nxd2
9.Qxd2 d6 10.O-O e5 11.e4 Bg4 12.d5 c5 13.b4 Na6 14.Ne1 Bd7 15.Nd3 Rfc8 16.b5 Nc7
17.f4 f6 18.f5 b6 19.a4 a6 20.g4 axb5 21.cxb5 Ra7 22.Ra2 Rca8 23.Rfa1 Qd8
24.Qc2 Ne8 25.Bf1 Qb8 26.Nb2 Qd8 27.Nc4 Qb8 28.Qb3 Kf8 29.h4 Qb7 30.a5 bxa5
31.Nxa5 Qb6 32.Nc4 Qb7 33.Rxa7 Rxa7 34.Rxa7 Qxa7 35.b6 Qb8 36.b7 Bc8 37.Na5 Bd7
38.Qb6 c4 39.Nxc4 Ke7 40.Qa6 Kd8 41.Qa5+ Nc7 42.Qb6 Ke7 43.Qxd6+ Ke8 44.Nb6  1-0

[Event "6th Magistral"]
[Site "Vicente Lopez ARG"]
[Date "2003.07.25"]
[Round "2"]
[White "Slipak,S"]
[Black "Panno,O"]
[Result "1/2-1/2"]
[WhiteElo "2497"]
[BlackElo "2480"]

1.d4 Nf6 2.c4 e6 3.Nf3 Bb4+ 4.Bd2 Bxd2+ 5.Qxd2 O-O 6.Nc3 d5 7.e3 Qe7 8.Qc2 Nbd7
9.Rd1 c6 10.a3 b6 11.cxd5 exd5 12.Bd3 Bb7 13.O-O Rfe8 14.Rfe1 Ne4 15.Bxe4 dxe4
16.Nd2 Nf6 17.b4 Rad8 18.Qb3 h5 19.a4 Bc8  1/2-1/2

[Event "ch-AUT"]
[Site "Hartberg AUT"]
[Date "2003.07.31"]
[Round "5"]
[White "Freitag,M"]
[Black "Baumegger,S"]
[Result "0-1"]
[WhiteElo "2393"]
[BlackElo "2375"]

1.d4 Nf6 2.c4 e6 3.Nf3 Bb4+ 4.Bd2 Qe7 5.g3 Bxd2+ 6.Nbxd2 d6 7.Bg2 O-O 8.O-O e5
9.e3 Nbd7 10.Qc2 Re8 11.Rac1 Nf8 12.dxe5 dxe5 13.c5 e4 14.Nd4 h5 15.Rfe1 h4
16.b4 N8h7 17.gxh4 Nf8 18.f4 exf3 19.N2xf3 Ne4 20.Kh1 Bg4 21.Ng5 Nxg5 22.hxg5 Qxg5
23.Qf2 Re5 24.Qf4 Qh5 25.Bxb7 Ng6 26.Qg3 Rb8 27.Bf3 Bxf3+ 28.Nxf3 Rf5 29.Nd4 Rg5
30.Qxc7 Rxb4 31.Qc6 Ne5 32.Qa8+ Kh7 33.Qe4+ f5 34.Qxe5 Rxd4 35.Rf1 Rd2 36.Qf4 Qe2  0-1

[Event "3rd Open"]
[Site "Plancoet FRA"]
[Date "2003.07.31"]
[Round "6"]
[White "Genov,Peta"]
[Black "Bagheri,A"]
[Result "1/2-1/2"]
[WhiteElo "2501"]
[BlackElo "2500"]

1.d4 Nf6 2.c4 e6 3.Nf3 Bb4+ 4.Bd2 c5 5.Bxb4 cxb4 6.g3 O-O 7.Bg2 Nc6 8.Nbd2 d6
9.Nf1 e5 10.Ne3 Bg4 11.Nxg4 Nxg4 12.h3 Nf6 13.e3 Qb6 14.O-O exd4 15.Nxd4 Nxd4
16.exd4 Rac8 17.Rc1 Rfe8 18.Bf3 a5 19.Qd3 Qa7 20.Rfe1 b6  1/2-1/2

[Event "MTO"]
[Site "Biel SUI"]
[Date "2003.08.01"]
[Round "11"]
[White "Korotylev,A"]
[Black "Cherniaev,A1"]
[Result "1/2-1/2"]
[WhiteElo "2546"]
[BlackElo "2487"]

1.d4 Nf6 2.Nf3 e6 3.c4 Bb4+ 4.Bd2 a5 5.Nc3 O-O 6.Bg5 Bxc3+ 7.bxc3 d6 8.e3 Nbd7
9.Nd2 Qe8 10.Be2 e5 11.O-O Kh8 12.Bh4 b6 13.Qc2 Bb7 14.Rae1 e4 15.f4 exf3
16.Bxf3 Bxf3 17.Rxf3 Qe6 18.h3 Ng8 19.e4 f6 20.Bg3 a4 21.Rb1 Ra7 22.a3 Nh6
23.Rb4 Rfa8 24.Rf1 Nf7 25.Qd3 Kg8  1/2-1/2

[Event "MTO"]
[Site "Biel SUI"]
[Date "2003.08.01"]
[Round "11"]
[White "Kuzmin,A"]
[Black "Kritz,L"]
[Result "0-1"]
[WhiteElo "2583"]
[BlackElo "2522"]

1.d4 Nf6 2.c4 e6 3.Nf3 Bb4+ 4.Bd2 Qe7 5.g3 Nc6 6.Nc3 Bxc3 7.Bxc3 Ne4 8.Qc2 Nxc3
9.Qxc3 Qb4 10.Qxb4 Nxb4 11.Kd2 c5 12.a3 Na6 13.Bg2 d6 14.b4 cxb4 15.Rhb1 b3
16.Rxb3 Rb8 17.a4 Ke7 18.Ne1 Rd8 19.Rab1 Rd7 20.a5 Rc7 21.Kc3 Kd8 22.f4 e5
23.fxe5 dxe5 24.e3 Be6 25.d5 Bf5 26.e4 Bg4 27.Nd3 Rxc4+ 28.Kd2 Nc5 29.Nxe5 Nxb3+
30.Rxb3 Ra4 31.Ke3 Bd7 32.Nxf7+ Ke7 33.Ne5 Rxa5 34.Nxd7 Kxd7 35.e5 b5 36.Bh3+ Ke8
37.d6 b4 38.Kd4 Ra3 39.Rb1 b3 40.Bg2 Ra6 41.Rb2 Rbb6 42.Bd5 Ra4+ 43.Kc5 Ra5+
44.Kc4 Kd7 45.Rf2 Rxd5 46.Kxd5 Rb5+ 47.Kc4 b2 48.Rf7+ Kc6  0-1

[Event "Inline Czechia Cup"]
[Site "Olomouc CZE"]
[Date "2003.08.03"]
[Round "5"]
[White "Jurek,J"]
[Black "Ptacnikova,L"]
[Result "1-0"]
[WhiteElo "2342"]
[BlackElo "2215"]

1.d4 Nf6 2.c4 e6 3.Nf3 Bb4+ 4.Bd2 c5 5.Bxb4 cxb4 6.a3 Qe7 7.e3 b6 8.Be2 Bb7
9.O-O a5 10.Ne5 O-O 11.Bf3 d6 12.Nd3 bxa3 13.Rxa3 Na6 14.Rb3 Qc7 15.Na3 Bxf3
16.Qxf3 e5 17.Qf5 Rfe8 18.Rc1 exd4 19.exd4 Re4 20.h3 Qd8 21.Nb5 Nc7 22.Nxc7 Qxc7
23.c5 bxc5 24.dxc5 d5 25.Rbc3 Rae8 26.c6 h6 27.g3 a4 28.Kg2 Re2 29.R3c2 R2e4
30.Rc5 R8e6 31.Qf3 Rd6 32.Nf4 Rd4 33.Qe3 Rb4 34.Qe5 Rb6 35.Qxd6 Qxd6 36.c7 Rxb2
37.c8=Q+ Kh7 38.R1c2  1-0

[Event "Open"]
[Site "Olomouc CZE"]
[Date "2003.08.06"]
[Round "8"]
[White "Polak,T"]
[Black "Bernasek,J"]
[Result "1/2-1/2"]
[WhiteElo "2473"]
[BlackElo "2402"]

1.Nf3 Nf6 2.c4 e6 3.d4 Bb4+ 4.Bd2 Qe7 5.g3 Nc6 6.a3 Bxd2+ 7.Qxd2 d5 8.Bg2 O-O
9.O-O dxc4 10.Qc3 e5 11.Nxe5 Nxe5 12.dxe5 Ng4 13.Qxc4 Nxe5 14.Qe4 Nc6 15.Nc3 Qxe4
16.Bxe4 Ne5 17.Nb5 c6 18.Nd6 Rb8 19.f4 Ng6 20.Rfd1 Bg4 21.Rd2 Ne7 22.Bc2 Rfd8
23.Rad1 Nd5 24.Nc4 Re8 25.Kf2 f6 26.h3 Be6 27.Nd6 Red8 28.Nf5 Re8 29.Nd4 Bf7
30.e4 Nb6 31.Nf5 Nc4 32.Rd7 Nb6 33.Rc7 Kf8 34.Nd6 Re7 35.Rxe7 Kxe7 36.Nxf7 Kxf7
37.b4 Ke7 38.Bb3 Nd7 39.Ke3 Ra8 40.Kd4 a5 41.Kc3 axb4+ 42.axb4 Nb6 43.h4 Na4+
44.Kc2 Nb6 45.Re1 Rd8 46.Kc3 g6 47.g4 h6 48.Rf1 Rf8 49.Rf2 g5 50.fxg5 fxg5
51.Rxf8 Kxf8 52.hxg5 hxg5 53.Kd2 Nd7 54.Be6 Nb8 55.Bc8 b6 56.Ke3 Ke7 57.Kf3 c5
58.bxc5 bxc5 59.Ba6 Nd7 60.Bb7 Nf6  1/2-1/2

[Event "ch-SLO"]
[Site "Bled SLO"]
[Date "2003.08.07"]
[Round "6"]
[White "Gombac,Jan"]
[Black "Drobne,M"]
[Result "1/2-1/2"]
[WhiteElo "2302"]
[BlackElo "2011"]

1.Nf3 Nf6 2.d4 e6 3.c4 Bb4+ 4.Bd2 Qe7 5.g3 O-O 6.Bg2 Bxd2+ 7.Qxd2 Ne4 8.Qc2 Qb4+
9.Nbd2 Nxd2 10.Nxd2 Nc6 11.e3 a5 12.O-O Qe7 13.Qc3 d6 14.Rfc1 Rd8 15.d5 Ne5
16.f4 Nd7 17.e4 c5 18.Re1 e5 19.f5 Nb8 20.a3 Bd7 21.b4 axb4 22.axb4 Na6 23.bxc5 Nxc5
24.Rab1 Rdb8 25.Nb3 Na4 26.Qd2 b5 27.cxb5 Bxb5 28.Bf1 f6 29.Kh1 Bxf1 30.Rxf1 Qb7
31.Qd3 Qb5 32.Qxb5 Rxb5 33.Nd2 Rxb1 34.Rxb1 Nc5 35.Re1 Ra4 36.Kg1 Kf7 37.Kf1 Ke7
38.Rb1 Nxe4 39.Rb7+ Kf8 40.Rb8+ Ke7 41.Rb7+ Kf8 42.Nxe4 Rxe4 43.Rd7 Rd4 44.Rxd6 Ke7
45.Re6+ Kf8 46.d6 Rd2 47.Ke1 Rd4 48.Ke2 Rd5 49.g4 h6 50.Ke3 Rd1 51.h4 Rd4
52.Kf3 Rd3+ 53.Ke4 Rd4+ 54.Ke3 Kg8 55.Kf3  1/2-1/2

[Event "FSIM August"]
[Site "Budapest HUN"]
[Date "2003.08.09"]
[Round "8"]
[White "Zucchelli,M"]
[Black "Eperjesi,L"]
[Result "0-1"]
[WhiteElo "2194"]
[BlackElo "2255"]

1.d4 Nf6 2.c4 e6 3.Nf3 Bb4+ 4.Bd2 c5 5.g3 O-O 6.Bg2 Nc6 7.Bxb4 cxb4 8.d5 exd5
9.cxd5 Ne7 10.d6 Nf5 11.Bh3 Qa5 12.g4 b3+ 13.Nc3 Nh6 14.g5 Ne4 15.gxh6 Nxc3
16.bxc3 Qxc3+ 17.Kf1 b2 18.Rb1 b6 19.Qe1 Qf6 20.Bg2 Qxh6 21.Rxb2 Bb7 22.Rb1 Rac8
23.Rd1 Rc2 24.Rd3 Qf6 25.Bh3 Re8 26.Bxd7 Bxf3 27.Rxf3 Qxf3  0-1

[Event "HZ Open"]
[Site "Vlissingen NED"]
[Date "2003.08.09"]
[Round "9"]
[White "De Waal,M"]
[Black "Dogge,M"]
[Result "1/2-1/2"]
[WhiteElo "2286"]
[BlackElo "2176"]

1.d4 Nf6 2.Nf3 e6 3.c4 Bb4+ 4.Bd2 c5 5.Bxb4 cxb4 6.Nbd2 O-O 7.e3 d6 8.Bd3 Qe7
9.Qc2 Nc6 10.h3 e5 11.d5 Nb8 12.g4 g6 13.g5 Nh5 14.Ne4 Na6 15.Nfd2 Bf5 16.h4 Kh8
17.Rc1 Rac8 18.b3 f6 19.Qd1 Bxe4 20.Nxe4 f5 21.Ng3 Nxg3 22.fxg3 Nc5 23.Bc2 f4
24.O-O fxg3 25.Qg4 Rxf1+ 26.Rxf1 Rf8 27.Qxg3 Rxf1+ 28.Kxf1 a5 29.Ke2 Kg7
30.Qg4 Qd7 31.Qf3 Qf7 32.Qh3 Qd7 33.Qg2 a4 34.Qf3 b5 35.Qf6+ Kg8 36.h5 Qg4+
37.Kd2  1/2-1/2

[Event "Jezero Open"]
[Site "Belgrade YUG"]
[Date "2003.08.15"]
[Round "2"]
[White "Kilibarda,N"]
[Black "Strbac,M"]
[Result "0-1"]
[WhiteElo "1864"]
[BlackElo "2213"]

1.d4 e6 2.c4 Nf6 3.Nf3 Bb4+ 4.Bd2 c5 5.Bxb4 cxb4 6.e3 O-O 7.Be2 d6 8.O-O Nc6
9.a3 bxa3 10.Rxa3 e5 11.d5 Nb4 12.Nfd2 Nd7 13.e4 Nc5 14.f4 exf4 15.Rxf4 f5
16.exf5 Bxf5 17.Rg3 Bg6 18.Rxf8+ Qxf8 19.Nc3 Nbd3 20.Rf3 Qe7 21.Bxd3 Nxd3
22.Nde4 Ne5 23.Re3 Nxc4 24.Re1 Ne5 25.Qd4 b6 26.Kh1 Re8 27.Nb5 Ng4 28.Nbc3 Qh4
29.Qg1 Bxe4 30.Nxe4 Rxe4 31.g3 Rxe1 32.gxh4 Rxg1+ 33.Kxg1 Ne3  0-1

[Event "9th Open"]
[Site "Pilsen-Lobzy CZE"]
[Date "2003.08.16"]
[Round "1"]
[White "Bartonicek,Z"]
[Black "Voloshin,L"]
[Result "0-1"]
[WhiteElo "2127"]
[BlackElo "2468"]

1.d4 Nf6 2.Nf3 e6 3.c4 Bb4+ 4.Bd2 Qe7 5.Nc3 O-O 6.g3 d6 7.Bg2 e5 8.O-O Bxc3
9.Bxc3 e4 10.Ne1 d5 11.Nc2 Re8 12.b3 c6 13.Ne3 Ng4 14.Bd2 Nxe3 15.Bxe3 Be6
16.Rc1 Nd7 17.Qd2 Nf8 18.cxd5 Bxd5 19.Rc3 h6 20.h4 Rad8 21.Bh3 Nh7 22.Bf5 Nf8
23.Rfc1 Qf6 24.Bh3 Nh7 25.Rf1 g5 26.hxg5 Nxg5 27.Bxg5 hxg5 28.Bg2 Rd7 29.Rd1 Kg7
30.g4 Qf4 31.Rg3 Rh8 32.e3 Qd6 33.Qc2 Rh4 34.Qc5 Qxc5 35.dxc5 Kf6 36.Rd4 Ke5
37.Kf1 b6 38.cxb6 axb6 39.Ra4 b5 40.Ra5 Be6 41.Bh3 Rd8 42.Ra6 Kd6 43.Ra7 Kc5
44.Bg2 Kb6 45.Ra3 Bxg4 46.b4 f5 47.f3 exf3 48.Bxf3 Bxf3 49.Rxf3 Rxb4 50.Rxf5 g4
51.Kf2 Re4 52.Kg3 Rde8 53.Rf4 c5 54.Rxe4 Rxe4  0-1

[Event "ADCF Masters"]
[Site "Abu Dhabi UAE"]
[Date "2003.08.18"]
[Round "3"]
[White "Khalid,A"]
[Black "Mirzoeva,E"]
[Result "1/2-1/2"]
[WhiteElo "2185"]
[BlackElo "2270"]

1.d4 Nf6 2.Nf3 e6 3.c4 Bb4+ 4.Bd2 Qe7 5.g3 Bxd2+ 6.Nbxd2 d6 7.Bg2 e5 8.e4 c5
9.d5 O-O 10.O-O Bg4 11.Qc2 Bxf3 12.Nxf3 Nh5 13.Ne1 g6 14.Nd3 f5 15.Rae1 f4
16.Bf3 Nd7 17.Bxh5 gxh5 18.gxf4 exf4 19.Kh1 Ne5 20.Nxe5 Qxe5 21.Rg1+ Kh8
22.f3 Rae8 23.Qc3 Rf6 24.Rg2 Rg6 25.Reg1 Kg7 26.Rg5 Qd4 27.Qxd4+ cxd4 28.Rxg6+ hxg6
29.Rd1 Kf6 30.Rxd4 Rc8 31.b3 b5 32.Rd3 bxc4 33.Rc3 Ke5 34.h4 Kd4 35.Rxc4+ Rxc4
36.bxc4 Kxc4 37.Kg2 Kd4 38.Kf2 Ke5 39.Ke2 Kd4  1/2-1/2

[Event "9th Open"]
[Site "Pilsen-Lobzy CZE"]
[Date "2003.08.22"]
[Round "7"]
[White "Snaidr,J"]
[Black "Kubik,J"]
[Result "1-0"]
[WhiteElo "2063"]
[BlackElo "2252"]

1.d4 Nf6 2.c4 e6 3.Nf3 Bb4+ 4.Bd2 Qe7 5.g3 O-O 6.Bg2 Bxd2+ 7.Qxd2 d6 8.O-O Nbd7
9.Nc3 a6 10.e4 e5 11.Rfe1 exd4 12.Qxd4 Ne5 13.Nd5 Nxf3+ 14.Bxf3 Nxd5 15.cxd5 Bd7
16.Bg2 c5 17.dxc6 Bxc6 18.Rad1 Rad8 19.Re3 Qe5 20.Red3 Qa5 21.a3 h6 22.b4 Qg5
23.Qb6 Rfe8 24.f4 Qe7 25.e5 Bxg2 26.Kxg2 d5 27.Rxd5 Rxd5 28.Rxd5 Rc8 29.Qd6 Rc7
30.Qxe7 Rxe7 31.Rd8+ Kh7 32.Kf3 g6 33.Rd6 Kg7 34.Ke4 Rc7 35.g4 Rc4+ 36.Rd4 Rc7
37.f5 gxf5+ 38.gxf5 h5 39.h4 Kf8 40.Kf4 Ke8 41.Kg5 Rc3 42.Kxh5 Rxa3 43.Kg5 a5
44.bxa5 Rxa5 45.Re4 Ke7 46.h5 Ra8 47.Rb4 Rg8+ 48.Kf4 Rb8 49.Rb6 Kf8 50.Kg5 Kg8
51.Kf6  1-0

[Event "9th Open"]
[Site "Pilsen-Lobzy CZE"]
[Date "2003.08.22"]
[Round "7"]
[White "Plischki,S"]
[Black "Voloshin,L"]
[Result "1/2-1/2"]
[WhiteElo "2310"]
[BlackElo "2468"]

1.d4 Nf6 2.c4 e6 3.Nf3 Bb4+ 4.Bd2 Qe7 5.g3 Bxd2+ 6.Qxd2 d5 7.Bg2 O-O 8.O-O b6
9.Nc3 Bb7 10.Ne5 Rd8 11.cxd5 exd5 12.Qc2 c5 13.e3 Na6 14.Rad1 Nc7 15.Rfe1 Ne6
16.f4 Rdc8 17.Qb3 c4 18.Qc2 a6 19.g4 b5 20.g5 Ne8 21.a3 N6c7 22.Qf2 Nd6 23.h4 a5
24.Ra1 Re8 25.Kh2 f6 26.Ng4 Kh8 27.Kh1 Bc6 28.Bf3 Red8 29.Qg2 Nf5 30.Qh3 b4
31.axb4 axb4 32.Rxa8 Rxa8 33.Ne2 Bd7 34.Qh2 c3 35.bxc3 b3 36.Nc1 Qa3 37.Nd3 Nd6
38.gxf6 gxf6 39.Nxf6 Bf5 40.Nb2 Ne4 41.Bxe4 dxe4 42.Qg2 Ne6 43.Rg1 Qf8 44.Ng4 Qe7
45.Qf2 Rg8 46.Ne5 Rxg1+ 47.Kxg1 Qa3 48.Qg2 h6 49.Kh2 Kh7 50.c4 Qa1 51.Qe2 Qc1
52.Kg2 Kg7 53.c5 Nc7 54.Nec4 Qc2 55.Kf2 Nd5 56.Ke1 Qb1+ 57.Qd1 Qa2 58.Kd2 Bd7
59.Qh5 Nf6 60.Qe5 Qa1 61.Kc3 Qc1+  1/2-1/2

[Event "Open"]
[Site "Vienna AUT"]
[Date "2003.08.22"]
[Round "7"]
[White "Hansen,Kay"]
[Black "Jethan,M"]
[Result "1-0"]
[WhiteElo "2230"]
[BlackElo "2090"]

1.d4 Nf6 2.c4 e6 3.Nf3 Bb4+ 4.Bd2 c5 5.g3 O-O 6.Bg2 d6 7.O-O Bxd2 8.Qxd2 Nc6
9.Rd1 Qe7 10.Nc3 Rd8 11.b3 h6 12.h3 Rb8 13.Qf4 cxd4 14.Nxd4 e5 15.Nxc6 bxc6
16.Qh4 Qc7 17.Rd3 Kh7 18.Ne4 Nxe4 19.Qxe4+ Kg8 20.Qxc6 Qe7 21.Qf3 f5 22.e4 Rf8
23.exf5 Bxf5 24.Qd5+ Kh8 25.Qxd6 Qg5 26.h4 Qh5 27.Re3 Rbd8 28.Qxe5 Rd1+ 29.Rxd1 Qxd1+
30.Re1 Qd2 31.Qe2 Qd7 32.Qe7 Qc8 33.Bc6 Bg4 34.Qxf8+ Qxf8 35.Re8 Qxe8 36.Bxe8 Bf5
37.b4  1-0

[Event "ADCF Masters"]
[Site "Abu Dhabi UAE"]
[Date "2003.08.25"]
[Round "9"]
[White "Neverov,V"]
[Black "Bagheri,A"]
[Result "0-1"]
[WhiteElo "2566"]
[BlackElo "2500"]

1.d4 Nf6 2.c4 e6 3.Nf3 Bb4+ 4.Bd2 c5 5.Bxb4 cxb4 6.a3 Nc6 7.e3 O-O 8.Be2 bxa3
9.Rxa3 d6 10.O-O e5 11.Nc3 Bg4 12.h3 Bh5 13.Qd2 Re8 14.Rd1 a6 15.dxe5 dxe5
16.Qc1 Qc8 17.g4 e4 18.Nh2 Bg6 19.Nd5 Nxd5 20.cxd5 Ne5 21.Rc3 Qd8 22.Rd4 Qd6
23.Nf1 f5 24.Ng3 fxg4 25.hxg4 Rad8 26.Nxe4 Bxe4 27.Rxe4 Qxd5 28.Qc2 Kh8 29.Rc5 Qd6
30.Qc3 Nc6 31.Rxe8+ Rxe8 32.Kg2 h6 33.Bf3 Rf8 34.Rd5 Qe6 35.Qc5 Ne7 36.Rf5 Rxf5
37.gxf5 Nxf5 38.Bxb7 Qg6+ 39.Kf1 Ng3+ 40.fxg3 Qb1+ 41.Ke2 Qxb2+ 42.Kd3 Qxb7
43.e4 Qb1+ 44.Kd4 Qd1+ 45.Ke5 Qd8 46.Qd6 Qg5+ 47.Ke6 a5 48.e5 a4 49.Kd5 Kh7
50.Qa3 Qd2+ 51.Ke6 Qd1 52.Qd6 Qb3+ 53.Kf5 Qf3+ 54.Ke6 a3 55.Ke7 Qxg3 56.Qd5 a2
57.Qxa2 Qxe5+ 58.Kd8 Qf6+ 59.Kc7 Qf5  0-1

[Event "Acropolis WGM"]
[Site "Athens GRE"]
[Date "2003.08.26"]
[Round "2"]
[White "Khusnutdinova,L"]
[Black "Partac,E"]
[Result "0-1"]
[WhiteElo "2309"]
[BlackElo "2253"]

1.d4 Nf6 2.Nf3 e6 3.c4 Bb4+ 4.Bd2 Qe7 5.g3 Nc6 6.Bg2 Bxd2+ 7.Nbxd2 d6 8.O-O O-O
9.e4 e5 10.d5 Nb8 11.Ne1 a5 12.b3 Na6 13.Nc2 Bg4 14.f3 Bd7 15.Qe2 c6 16.dxc6 bxc6
17.Kh1 Nb4 18.Ne3 c5 19.f4 exf4 20.gxf4 Rae8 21.Qf3 Nc6 22.Rae1 Nd4 23.Qg3 Nh5
24.Qf2 Qf6 25.Nd5 Qh6 26.f5 Nf6 27.Rg1 Ng4 28.Qg3 Qxh2+  0-1

[Event "Open"]
[Site "Porto San Giorgo ITA"]
[Date "2003.08.28"]
[Round "8"]
[White "Ferri,S"]
[Black "Delizia,C"]
[Result "1/2-1/2"]
[WhiteElo "2069"]
[BlackElo "2219"]

1.d4 e6 2.c4 Nf6 3.Nf3 Bb4+ 4.Bd2 Qe7 5.a3 Bxd2+ 6.Nbxd2 d6 7.Qc2 O-O 8.e3 e5
9.Bd3 Re8 10.Bf5 Bxf5 11.Qxf5 e4 12.Ng5 Qd7 13.Qxd7 Nbxd7 14.Ke2 a6 15.f4 exf3+
16.gxf3 Nh5 17.Kd3 f5 18.Rhg1 Re7 19.b4 Rae8 20.Nf1 h6 21.Nh3 c5 22.Nf4 Nxf4+
23.exf4 Nf6 24.Ng3 Re3+ 25.Kd2 Rxf3 26.Nxf5 Rf2+ 27.Kd3 Ne4 28.Rxg7+ Kh8
29.Re7 Rxe7 30.Nxe7 Nf6 31.bxc5 dxc5 32.d5 Kg7 33.f5 Rxh2 34.Rb1 Rh3+ 35.Ke2 b5
36.cxb5 Ne4 37.Rg1+ Kf7 38.bxa6 Rxa3 39.Nc6 Rxa6 40.Rg6 Nf6 41.Rxh6 Ra2+
42.Kd3  1/2-1/2

[Event "Polish Extraleague"]
[Site "Lubniewice POL"]
[Date "2003.09.03"]
[Round "5"]
[White "Dziuba,M"]
[Black "Jedynak,R"]
[Result "1/2-1/2"]
[WhiteElo "2450"]
[BlackElo "2453"]

1.d4 e6 2.c4 Nf6 3.Nf3 Bb4+ 4.Bd2 Qe7 5.g3 Nc6 6.Bg2 Bxd2+ 7.Nbxd2 d6 8.O-O O-O
9.e4 e5 10.d5 Nb8 11.Ne1 a5 12.Nd3 Na6 13.b3 Bd7 14.a3 b5 15.Qc2 Rfb8 16.Rfc1 c5  1/2-1/2

[Event "TCh-CRO"]
[Site "Rabac CRO"]
[Date "2003.09.08"]
[Round "2"]
[White "Pinter,J"]
[Black "Hracek,Z"]
[Result "0-1"]
[WhiteElo "2548"]
[BlackElo "2584"]

1.d4 Nf6 2.c4 e6 3.Nf3 Bb4+ 4.Bd2 a5 5.g3 d6 6.Bg2 Nbd7 7.O-O e5 8.e3 c6
9.Bc1 e4 10.Ng5 d5 11.c5 h6 12.Nh3 a4 13.a3 Ba5 14.Qxa4 Nf8 15.b4 Bxh3 16.Bxh3 Bc7
17.Qd1 h5 18.Nd2 h4 19.g4 N8h7 20.f4 exf3 21.Nxf3 Ne4 22.Ne5 Nhg5 23.Bg2 h3
24.Bf3 Bxe5 25.dxe5 Nxf3+ 26.Rxf3 Qh4 27.Rf4 Rh6 28.Bb2 Rg6 29.Qe2 f5 30.exf6 gxf6
31.Kh1 Rxg4 32.Raf1 Rxf4 33.Rxf4 Qg5 34.Qf3 Ke7 35.Qxh3 Rg8 36.Qf1 Qh6 37.Rf3 f5
38.Be5 Nd2 39.Bd6+ Ke8 40.Rh3 Qg6 41.Qf2 f4  0-1

[Event "14th ch-NATO"]
[Site "Hoevelte DEN"]
[Date "2003.09.10"]
[Round "4"]
[White "Indbryn,T"]
[Black "Cooper,L"]
[Result "0-1"]
[WhiteElo "2131"]
[BlackElo "2335"]

1.d4 Nf6 2.c4 e6 3.Nf3 Bb4+ 4.Bd2 Qe7 5.g3 Nc6 6.Bg2 Bxd2+ 7.Nbxd2 d6 8.O-O O-O
9.Qc2 e5 10.dxe5 dxe5 11.e3 h6 12.Nh4 Rd8 13.Rad1 Bg4 14.f3 Nb4 15.Qb1 Be6
16.b3 Nd3 17.Ne4 Nxe4 18.fxe4 Nb4 19.Rxd8+ Rxd8 20.Rd1 Rxd1+ 21.Qxd1 Nxa2
22.Qa1 Qa3 23.Qxe5 Qxb3 24.Nf5 Qc3 25.Qxc7 Bxf5 26.exf5 Qxe3+ 27.Kf1 Qd3+
28.Kg1 Qd1+ 29.Kf2 Qd4+ 30.Kf1 Nc3 31.Bxb7 Qd3+ 32.Kg2 Qc2+ 33.Kg1 Qb1+ 34.Kg2 a5
35.Bc8 Qe4+ 36.Kg1 Ne2+ 37.Kf2 Nd4 38.Bb7 Qxf5+ 39.Ke3 Nc2+ 40.Kd2 Nb4 41.Qd8+ Kh7
42.Qd4 Qg5+ 43.Kd1 Qh5+ 44.Kc1 Qxh2 45.Be4+ g6 46.Qa7 Kg8 47.Qxa5 Qxg3 48.Qd8+ Kh7
49.Qf6 Qg5+ 50.Qxg5 hxg5 51.Kd2 Na6 52.Ke3 Kg7 53.Kd4 Kf6 54.Bb7 Nc7 55.c5 Ne6+
56.Kd5 g4 57.Kd6 g3 58.Bg2 Kf5 59.c6 Nd4 60.Kc7 Nxc6 61.Bxc6 f6 62.Bg2 g5
63.Kd6 Kf4 64.Kd5 Ke3  0-1

[Event "TCh-CRO"]
[Site "Rabac CRO"]
[Date "2003.09.11"]
[Round "5"]
[White "Horvath,Jo1"]
[Black "Sulava,N"]
[Result "1/2-1/2"]
[WhiteElo "2519"]
[BlackElo "2479"]

1.c4 e6 2.d4 Nf6 3.Nf3 Bb4+ 4.Bd2 Qe7 5.g3 Nc6 6.Nc3 O-O 7.Bg2 Na5 8.b3 b6
9.O-O Bb7 10.Qc2 Rac8 11.Rfe1 c5 12.dxc5  1/2-1/2

[Event "It"]
[Site "Poitou Charentes FRA"]
[Date "2003.09.12"]
[Round "7"]
[White "David,Vi"]
[Black "Inkiov,V"]
[Result "1/2-1/2"]
[WhiteElo "2333"]
[BlackElo "2478"]

1.d4 Nf6 2.c4 e6 3.Nf3 Bb4+ 4.Bd2 Qe7 5.g3 O-O 6.Bg2 Bxd2+ 7.Nbxd2 d6 8.O-O e5
9.e4 Bg4 10.d5 c5 11.h3 Bxf3 12.Qxf3 Nbd7 13.h4 g6 14.Bh3 Nh5 15.a3 Ng7 16.Bxd7 Qxd7
17.b4 b6 18.Qg2 f5 19.f3 Qe7 20.Qh3 Rf7 21.b5 Raf8 22.Rae1 Nh5 23.Kh2 Qf6
24.Rf2 Qg7 25.a4 Qh6 26.Kg2 Kh8 27.Ree2 Rg8 28.Kf1 f4 29.g4 Ng3+ 30.Ke1 Nxe2
31.Rxe2 g5 32.h5 a6 33.bxa6 Ra7 34.Nb1 Rxa6 35.Nc3 Rga8 36.Ra2 Qf8 37.Qg2 Ra5  1/2-1/2

[Event "EYb18"]
[Site "Budva YUG"]
[Date "2003.09.15"]
[Round "3"]
[White "Wojtaszek,R"]
[Black "Barnaure,V"]
[Result "1-0"]
[WhiteElo "2462"]
[BlackElo "2317"]

1.d4 Nf6 2.Nf3 e6 3.c4 Bb4+ 4.Bd2 c5 5.Bxb4 cxb4 6.g3 b6 7.Bg2 Bb7 8.O-O O-O
9.a3 bxa3 10.Rxa3 d6 11.Nc3 a5 12.e3 Na6 13.Qe2 Qe7 14.Rd1 Nd7 15.e4 Nb4
16.h4 Rac8 17.Raa1 Rfe8 18.Rd2 Qf8 19.Bh3 Ba6 20.b3 Rc7 21.Qe3 Rb8 22.Bf1 Rbc8
23.Bh3 Rb8 24.Rad1 h6 25.e5 dxe5 26.Nxe5 Nf6 27.Bg2 Re7 28.f4 Qe8 29.d5 exd5
30.Nxd5 Nbxd5 31.cxd5 Ng4 32.Qd4 Nxe5 33.d6 Ng4 34.dxe7 Qxe7 35.Bf3 Nf6 36.Qe5 Re8
37.Rd6 Qc7 38.Re6 Qxe5 39.Rxe5 Rb8 40.Re3 Bb5 41.g4 a4 42.g5 hxg5 43.hxg5 Nd7
44.Bd5 Kf8 45.Rde1 Nc5 46.Rh3  1-0

[Event "7th Itau Cup"]
[Site "Sao Paulo BRA"]
[Date "2003.09.29"]
[Round "3"]
[White "Mittelman,G"]
[Black "Lebredo,G"]
[Result "1-0"]
[WhiteElo "2437"]
[BlackElo "2317"]

1.d4 Nf6 2.Nf3 e6 3.c4 Bb4+ 4.Bd2 a5 5.g3 d5 6.Qc2 Nc6 7.Bg2 Ne4 8.O-O O-O
9.Bf4 Bd6 10.Bxd6 Qxd6 11.Nc3 f5 12.Rfd1 Ne7 13.cxd5 exd5 14.Ne5 c6 15.e3 Be6
16.Ne2 b6 17.Nf4 Rfc8 18.Nxe6 Qxe6 19.Nd3 Ng6 20.Rac1 Rab8 21.Qe2 Nf6 22.Rc2 Re8
23.Rdc1 Rbc8 24.a3 Ne4 25.h3 Ne7 26.b4 a4 27.Ne5 b5 28.Bxe4 fxe4 29.Qg4 Qd6
30.Qd7 Red8 31.Qxd6 Rxd6 32.g4 Kf8 33.Kg2 Rc7 34.Kg3 Rd8 35.f3 exf3 36.Rf2 Rd6
37.Rxf3+ Rf6 38.Rcf1 Ng8 39.g5 Rxf3+ 40.Rxf3+ Ke8 41.h4 Re7 42.Rf1 Re6 43.h5 Ne7
44.Rc1 g6 45.hxg6 hxg6 46.Rh1 Kd8 47.Kf4 Kc7 48.Rh7 Kd6 49.Rf7 Rxe5 50.dxe5+ Ke6
51.Rf6+ Kd7 52.e4 dxe4 53.Kxe4 Kc7 54.Rd6  1-0

[Event "ECC"]
[Site "Rethymnon GRE"]
[Date "2003.09.30"]
[Round "3"]
[White "Miton,K"]
[Black "Schwarz,Mic"]
[Result "1-0"]
[WhiteElo "2546"]
[BlackElo "2409"]

1.d4 Nf6 2.c4 e6 3.Nf3 Bb4+ 4.Bd2 Qe7 5.g3 O-O 6.Bg2 Bxd2+ 7.Nbxd2 d6 8.Nf1 e5
9.Ne3 Nc6 10.O-O exd4 11.Nd5 Nxd5 12.cxd5 d3 13.Qxd3 Ne5 14.Qc3 Nxf3+ 15.Bxf3 Bh3
16.Rfc1 Rfc8 17.Qb4 b6 18.Rc3 a5 19.Qf4 Bd7 20.Rac1 Ra7 21.R1c2 h6 22.Re3 Qg5
23.Qd4 a4 24.Rec3 Qe5 25.Qb4 g6 26.Re3 Qf6 27.Rc4 Re8 28.Rec3 Qd8 29.Rc1 h5
30.Kg2 Re5 31.Qd2 Qe7 32.Kg1 Bg4 33.Bxg4 hxg4 34.R1c2 Re4 35.Qd3 Rxc4 36.Rxc4 Qe5
37.Rxg4 Qxb2 38.h4 Qe5 39.Rg5 Qf6 40.f4 Ra5 41.h5 Kh7 42.hxg6+ fxg6 43.Qc4 Rc5
44.Qxa4  1-0

[Event "ECC"]
[Site "Rethymnon GRE"]
[Date "2003.10.04"]
[Round "7"]
[White "Roeder,M"]
[Black "Horvath,Jo1"]
[Result "1/2-1/2"]
[WhiteElo "2451"]
[BlackElo "2519"]

1.d4 Nf6 2.c4 e6 3.Nf3 Bb4+ 4.Bd2 Qe7 5.g3 Nc6 6.Nc3 O-O 7.Bg2 Na5 8.c5 Nc6
9.a3 Bxc3 10.Bxc3 d6 11.cxd6 cxd6  1/2-1/2